000 00427nam a2200169Ia 4500
005 20250109045307.0
008 240331s9999 xx 000 0 und d
020 _a9788172235031
082 _bJOH
_21659
_a305.3
100 _aGray, J
245 0 _aMen are from Mars, Women are from Venus
260 _aUttar Pradesh
_bHarperCollins Publishers
_c2010
300 _ax, 286 p.,
650 _aWomen
650 _aMen
942 _cL
999 _c5032
_d5032